| 000 | 00471nam a2200169Ia 4500 | ||
|---|---|---|---|
| 999 |
_c14819 _d14819 |
||
| 003 | OSt | ||
| 005 | 20201203113301.0 | ||
| 008 | 151021s9999 xx 000 0 und d | ||
| 040 |
_aMMU _beng. _cMMU _dMMU |
||
| 050 |
_aDT433.575 _b.O94 1972 |
||
| 100 | _aOmbudo, Owino | ||
| 245 |
_aHarambee : _b its origin and use / _cOwino Ombudo |
||
| 260 |
_aNairobi: _bAcademic Publishers, _c1972. |
||
| 300 |
_a67 p. : _bill.: |
||
| 650 | _aKenyan-politics | ||
| 942 |
_2lcc _cLOAN LOAN |
||